[Event "Yogyakarta Piala Raja 7th"]
[Site "Yogyakarta"]
[Date "2019.10.21"]
[Round "2"]
[White "Rahman, Harmani"]
[Black "Tunasly, Kifly"]
[Result "1/2-1/2"]
[WhiteElo "2106"]
[BlackElo "2278"]
[PlyCount "35"]
[EventDate "2019.10.21"]
[EventType "tourn"]
[EventRounds "9"]
[EventCountry "INA"]
[SourceTitle "CBM 192 Extra"]
[Source "Chessbase"]
[SourceDate "2019.11.06"]
[SourceVersion "1"]
[SourceVersionDate "2019.11.06"]
[SourceQuality "1"]

1. d4 d5 2. c4 e6 3. Nc3 c6 4. Nf3 dxc4 5. a4 Bb4 6. e3 b5 7. Ne5 Qc7 8. Bd2 Nd7 9. axb5 Nxe5 10. dxe5 Ne7 11. Bxc4 Qxe5 12. bxc6 0-0 13. Qa4 a5 14. 0-0 Qc5 15. Be2 Qxc6 16. Bf3 Qxa4 17. Nxa4 Rb8 18. Rfd1 1/2-1/2

[Event "Cilacap PCNI Cup"]
[Site "Cilacap"]
[Date "2017.11.18"]
[Round "1"]
[White "Hanfin, Zahra Chumaira Amel"]
[Black "Tunasly, Kifly"]
[Result "1-0"]
[WhiteElo "1966"]
[BlackElo "2304"]
[PlyCount "65"]
[EventDate "2017.11.18"]
[EventType "tourn"]
[EventRounds "10"]
[EventCountry "INA"]
[SourceTitle "CBM 181 Extra"]
[Source "ChessBase"]
[SourceDate "2017.12.12"]
[SourceVersion "1"]
[SourceVersionDate "2017.12.12"]
[SourceQuality "1"]

1. e4 e5 2. Nf3 Nc6 3. Bb5 a6 4. Ba4 Nf6 5. 0-0 b5 6. Bb3 Be7 7. Re1 0-0 8. c3 d6 9. h3 Na5 10. Bc2 c5 11. d4 cxd4 12. cxd4 Qc7 13. d5 Bd7 14. Nc3 Rfc8 15. a3 Nc4 16. Bd3 Nxa3 17. Rxa3 b4 18. Rb3 bxc3 19. Rxc3 Qa5 20. Ra3 Qb6 21. Qe2 a5 22. Nd2 Rxc1 23. Rxc1 Qxb2 24. Raa1 a4 25. Nc4 Qxe2 26. Bxe2 Nxe4 27. Nb6 Ra7 28. Nxd7 Rxd7 29. Rc8+ Bf8 30. Rxa4 f5 31. Raa8 Rf7 32. Bb5 Nf6 33. Rd8 1-0

[Event "Jakarta Indonesia op 1st"]
[Site "Jakarta"]
[Date "2011.10.17"]
[Round "7"]
[White "Aris, TLS"]
[Black "Tunasly, Kifly"]
[Result "1/2-1/2"]
[WhiteElo "2222"]
[BlackElo "2400"]
[PlyCount "62"]
[EventDate "2011.10.13"]
[EventType "swiss"]
[EventRounds "9"]
[EventCountry "INA"]
[SourceTitle "EXT 2012"]
[Source "ChessBase"]
[SourceDate "2011.11.24"]
[SourceVersion "1"]
[SourceVersionDate "2011.11.24"]
[SourceQuality "1"]

1. d4 d5 2. Nf3 e6 3. Bf4 f5 4. e3 Nf6 5. Nbd2 Bd6 6. Bg3 0-0 7. c3 c5 8. Bd3 c4 9. Bc2 Ne4 10. Nxe4 fxe4 11. Ne5 Bxe5 12. Bxe5 Nc6 13. Bg3 Qg5 14. 0-0 Bd7 15. Qe2 Be8 16. f3 Bh5 17. Rf2 exf3 18. gxf3 e5 19. f4 exf4 20. exf4 Qh6 21. Qf1 Rae8 22. Qh3 Re3 23. Qh4 b5 24. f5 g5 25. fxg6 hxg6 26. Rxf8+ Qxf8 27. Rf1 Qe7 28. Qxe7 Nxe7 29. Re1 Rxe1+ 30. Bxe1 Nf5 31. Bxf5 gxf5 1/2-1/2

[Event "Jakarta Indonesia op 1st"]
[Site "Jakarta"]
[Date "2011.10.16"]
[Round "4"]
[White "Megaranto, Susanto"]
[Black "Tunasly, Kifly"]
[Result "1-0"]
[WhiteElo "2530"]
[BlackElo "2400"]
[PlyCount "79"]
[EventDate "2011.10.13"]
[EventType "swiss"]
[EventRounds "9"]
[EventCountry "INA"]
[SourceTitle "EXT 2012"]
[Source "ChessBase"]
[SourceDate "2011.11.24"]
[SourceVersion "1"]
[SourceVersionDate "2011.11.24"]
[SourceQuality "1"]

1. e4 e5 2. Nf3 Nc6 3. Bb5 a6 4. Ba4 Nf6 5. 0-0 b5 6. Bb3 Be7 7. Re1 d6 8. c3 0-0 9. h3 Na5 10. Bc2 c5 11. d3 Re8 12. Nbd2 Bf8 13. Nf1 g6 14. Ng3 Bg7 15. Be3 Qc7 16. Qd2 d5 17. exd5 Nxd5 18. Bh6 Bh8 19. b4 cxb4 20. cxb4 Nc6 21. Bb3 Be6 22. Rac1 Qd7 23. Ne4 Ndxb4 24. Nc5 Qd6 25. Nxe6 fxe6 26. h4 Rac8 27. h5 Qxd3 28. Rxc6 Rxc6 29. Qxb4 Qf5 30. hxg6 hxg6 31. Nh4 Qh5 32. Qe4 Rc7 33. Bd2 Rd7 34. Bc3 g5 35. Qc6 Qf7 36. Nf5 Rc7 37. Qe4 Qf6 38. Re3 Rc5 39. Rf3 Rd8 40. Ne7+ 1-0

[Event "Jakarta Indonesia op 1st"]
[Site "Jakarta"]
[Date "2011.10.14"]
[Round "2"]
[White "Tunasly, Kifly"]
[Black "Tkachiev, Vladislav"]
[Result "0-1"]
[WhiteElo "2400"]
[BlackElo "2631"]
[PlyCount "90"]
[EventDate "2011.10.13"]
[EventType "swiss"]
[EventRounds "9"]
[EventCountry "INA"]
[SourceTitle "EXT 2012"]
[Source "ChessBase"]
[SourceDate "2011.11.24"]
[SourceVersion "1"]
[SourceVersionDate "2011.11.24"]
[SourceQuality "1"]

1. e4 d6 2. d4 g6 3. Bd3 Bg7 4. Ne2 Nc6 5. c3 e5 6. d5 Nce7 7. 0-0 Nf6 8. h3 0-0 9. Be3 Nd7 10. Nd2 f5 11. f4 Kh8 12. fxe5 Nxe5 13. Bc2 fxe4 14. Rxf8+ Qxf8 15. Bxe4 Bf5 16. Ng3 Bxe4 17. Ndxe4 Qg8 18. Qa4 Qxd5 19. Rf1 b5 20. Qa6 Qc6 21. Qxc6 N7xc6 22. Ng5 Re8 23. b3 Kg8 24. N5e4 Nd7 25. c4 bxc4 26. bxc4 Nde5 27. c5 d5 28. Nf6+ Bxf6 29. Rxf6 Kg7 30. Rf1 Re6 31. Rd1 Nf3+ 32. gxf3 Rxe3 33. Kf2 Ra3 34. Rxd5 Rxa2+ 35. Ke3 Ra3+ 36. Ke2 Kf6 37. Rd7 Ke6 38. Rxc7 Nd4+ 39. Kf2 Rxf3+ 40. Kg2 Rf7 41. Rxf7 Kxf7 42. Kf2 Ke6 43. Ne4 h6 44. Ke3 Kd5 45. Kd3 Ne6 0-1

[Event "Pools schev"]
[Site "Singapore"]
[Date "1997.??.??"]
[Round "9"]
[White "Prihastomo, Iwan"]
[Black "Tunasly, Kifly"]
[Result "0-1"]
[WhiteElo "2350"]
[BlackElo "2315"]
[PlyCount "74"]
[EventDate "1997.05.31"]
[EventType "schev"]
[EventRounds "10"]
[EventCountry "SIN"]
[SourceTitle "CBM 058 Extra"]
[Source "ChessBase"]
[SourceDate "1997.07.29"]
[SourceVersion "1"]
[SourceVersionDate "1997.07.29"]
[SourceQuality "1"]

1. d4 d5 2. c4 e6 3. Nf3 c6 4. e3 Nf6 5. Nc3 Nbd7 6. Be2 dxc4 7. Bxc4 b5 8. Bd3 Bb7 9. 0-0 a6 10. Re1 c5 11. a3 Qc7 12. Bd2 Bd6 13. Rc1 c4 14. e4 e5 15. dxe5 Nxe5 16. Nd5 Bxd5 17. exd5 0-0 18. Bf5 g6 19. Be4 Nxe4 20. Rxe4 Nxf3+ 21. Qxf3 Bxh2+ 22. Kf1 Be5 23. b4 f5 24. Re2 Rac8 25. Bc3 Bxc3 26. Qxc3 Qh2 27. Re7 Rf7 28. Qe3 Rxe7 29. Qxe7 Qh1+ 30. Ke2 Qxc1 31. Qe6+ Kg7 32. Qd7+ Kh6 33. Qxc8 Qc2+ 34. Ke1 c3 35. Qf8+ Kh5 36. Qe7 Qd2+ 37. Kf1 c2 0-1

[Event "Pools schev"]
[Site "Singapore"]
[Date "1997.??.??"]
[Round "4"]
[White "Tunasly, Kifly"]
[Black "Antonio, Rogelio Jr"]
[Result "1/2-1/2"]
[WhiteElo "2315"]
[BlackElo "2525"]
[PlyCount "116"]
[EventDate "1997.05.31"]
[EventType "schev"]
[EventRounds "10"]
[EventCountry "SIN"]
[SourceTitle "CBM 058 Extra"]
[Source "ChessBase"]
[SourceDate "1997.07.29"]
[SourceVersion "1"]
[SourceVersionDate "1997.07.29"]
[SourceQuality "1"]

1. e4 c6 2. d4 d5 3. exd5 cxd5 4. c4 Nf6 5. Nc3 e6 6. c5 Nc6 7. Nf3 Ne4 8. Qc2 f5 9. Bb5 Bd7 10. 0-0 Be7 11. Bxc6 Bxc6 12. b4 0-0 13. Ne5 Bf6 14. f4 Rc8 15. a4 Be8 16. Nxe4 fxe4 17. Be3 b6 18. Qd2 a6 19. Rfc1 b5 20. a5 Rc7 21. Rf1 Bh5 22. h3 Be8 23. Qe2 Bg6 24. Nxg6 hxg6 25. Qg4 Qe8 26. Rad1 Bd8 27. h4 Rf5 28. g3 Kf7 29. Kg2 Qh8 30. Rh1 Qh5 31. Qxh5 gxh5 32. Kh3 Bf6 33. Rhg1 Rc8 34. Rd2 Ke7 35. Rc1 Kd7 36. Rg2 Kc6 37. Rf1 Rh8 38. Rff2 Rh6 39. Rg1 Rg6 40. Rgg2 Rg4 41. Rd2 Bd8 42. Rdf2 Rf6 43. Kh2 Bc7 44. Kh3 Rf5 45. Kh2 Kd7 46. Kh3 Rf6 47. Rd2 Rf5 48. Rdf2 Kc6 49. Rd2 Rf6 50. Rdf2 Rf7 51. Kh2 Rf5 52. Kh3 Kd7 53. Rc2 Ke7 54. Rcf2 Kf7 55. Rd2 Kg6 56. Rdf2 Rf8 57. Rd2 Kf5 58. Rdf2 Rf6 1/2-1/2